000 00272nam a2200109Ia 4500
008 220216s9999 xx 000 0 und d
100 _aGeorge S
245 0 _aThai rubberinu putha idan polypropyline woven fabric
260 _bRubber
_c2017
300 _a15-16
942 _cBS
999 _c48629
_d48629